Score 0/10 Timer 02:00
0 Plays Today
Hint Answer % Correct
TATM ONDMAMatt Damon
94.6%
CERUB LSLIIWBruce Willis
92.4%
TEAC LANCEBHTTCate Blanchett
87.4%
AELCHIM RDNAJOMichael Jordan
86.8%
TINSUJ KEALREBMITJustin Timberlake
85%
FERINNEJ STNONIAJennifer Aniston
83.8%
RYREJ EFDLNIESJerry Seinfeld
82.8%
YEKNA STEWKanye West
80.7%
NORBEL SEMJALeBron James
66.3%
YTREL RYREPTyler Perry
61.4%

You're not logged in!

Compare scores with friends on all Sporcle quizzes.
OR
Log In

Sporcle TV

Today on Sporcle TV


Watch our educational content, quiz creation guides, and fun videos on Sporcle TV.

Show Comments

Extras

Top Quizzes Today


Score Distribution

Your Account Isn't Verified!

In order to create a playlist on Sporcle, you need to verify the email address you used during registration. Go to your Sporcle Settings to finish the process.

Report this User

Report this user for behavior that violates our Community Guidelines.

Details: